| 000 | 00995cam a22002775a 4500 | ||
|---|---|---|---|
| 999 |
_c13427 _d13427 |
||
| 005 | 20190518123502.0 | ||
| 008 | 090904t2010 maua frb 001 0 eng d | ||
| 020 | _a0321620704 | ||
| 020 | _a9780321620705 | ||
| 035 | _a(DLC)15894025 | ||
| 035 | _a(DLC)2009035319 | ||
| 040 |
_aDLC _beng _cDLC _dDLC _dEG-ScBUE _dEG-ScBUE |
||
| 082 | 0 | 4 |
_a658.4038011 _bPOP _222 |
| 100 | 1 |
_aPoppendieck, Mary _q(Mary B.) _911533 |
|
| 245 | 1 | 0 |
_aLeading lean software development : _bresults are not the point / _cMary and Tom Poppendieck. |
| 260 |
_aUpper Saddle River, NJ : _bAddison-Wesley, _cc.2010. |
||
| 300 |
_axxii, 278 p. : _bill. ; _c24 cm. |
||
| 504 | _aIncludes bibliographical references and index. | ||
| 650 | 7 |
_aManagement information systems. _2BUEsh _911534 |
|
| 650 | 7 |
_aComputer software _xDevelopment. _2BUEsh _911535 |
|
| 650 | 7 |
_aOrganizational effectiveness. _2BUEsh _911536 |
|
| 651 | _2BUEsh | ||
| 653 |
_bCOMSCI _cApril2019 |
||
| 700 | 1 |
_aPoppendieck, Thomas David. _911537 |
|
| 942 | _2ddc | ||